ALL Drag Race Holland Queens - Statistics

General Stats
  • This quiz has been taken 75 times
  • The average score is 17 of 20
Answer Stats
Season Placement Drag Queen % Correct
πŸ‡³πŸ‡± Drag Race Holland πŸ‡³πŸ‡±-Season 1- πŸ† WINNER πŸ† Envy Peru
100%
πŸ‡³πŸ‡± Drag Race Holland πŸ‡³πŸ‡±-Season 1- 3rd/4th Miss Abby OMG
95%
πŸ‡³πŸ‡± Drag Race Holland πŸ‡³πŸ‡±-Season 1- 6th Sederginne
93%
πŸ‡³πŸ‡± Drag Race Holland πŸ‡³πŸ‡±-Season 1- πŸ₯ˆ Runner-Up πŸ₯ˆ Janey JackΓ©
90%
πŸ‡³πŸ‡± Drag Race Holland πŸ‡³πŸ‡±-Season 1- 10th Roem
90%
πŸ‡³πŸ‡± Drag Race Holland πŸ‡³πŸ‡±-Season 2- 4th Keta Minaj
88%
πŸ‡³πŸ‡± Drag Race Holland πŸ‡³πŸ‡±-Season 2- πŸ₯ˆ Runner-Up πŸ₯ˆ My Little Puny
88%
πŸ‡³πŸ‡± Drag Race Holland πŸ‡³πŸ‡±-Season 1- 3rd/4thπŸ’ Miss Congeniality πŸ’ Ma'Ma Queen
85%
πŸ‡³πŸ‡± Drag Race Holland πŸ‡³πŸ‡±-Season 2- πŸ† WINNER πŸ† Vanessa Van Cartier
85%
πŸ‡³πŸ‡± Drag Race Holland πŸ‡³πŸ‡±-Season 2- 3rd Vivaldi
83%
πŸ‡³πŸ‡± Drag Race Holland πŸ‡³πŸ‡±-Season 1- 7th Madame Madness
80%
πŸ‡³πŸ‡± Drag Race Holland πŸ‡³πŸ‡±-Season 1- 8th Megan Schoonbrood
80%
πŸ‡³πŸ‡± Drag Race Holland πŸ‡³πŸ‡±-Season 2- 9th Reggy B
80%
πŸ‡³πŸ‡± Drag Race Holland πŸ‡³πŸ‡±-Season 2- 5thπŸ’ Miss Congeniality πŸ’ Tabitha
80%
πŸ‡³πŸ‡± Drag Race Holland πŸ‡³πŸ‡±-Season 1- 5th ChelseaBoy
78%
πŸ‡³πŸ‡± Drag Race Holland πŸ‡³πŸ‡±-Season 1- 9th Patty Pam-Pam
78%
πŸ‡³πŸ‡± Drag Race Holland πŸ‡³πŸ‡±-Season 2- 6th The Countess
78%
πŸ‡³πŸ‡± Drag Race Holland πŸ‡³πŸ‡±-Season 2- 8th Love Masisi
76%
πŸ‡³πŸ‡± Drag Race Holland πŸ‡³πŸ‡±-Season 2- 10th Juicy Kutoure
73%
πŸ‡³πŸ‡± Drag Race Holland πŸ‡³πŸ‡±-Season 2- 7th Ivy-Elyse
71%
No matching quizzes found
Score Distribution
Percent of People with Each Score
Percentile by Number Answered
Your Score History
You have not taken this quiz